| 000 | 00354nam a2200145Ia 4500 | ||
|---|---|---|---|
| 005 | 20250405104517.0 | ||
| 008 | 240331s9999 xx 000 0 und d | ||
| 082 |
_bSIV _a894 |
||
| 100 | _aSivasekaran, S | ||
| 245 | 0 | _aKuntrathu kumural | |
| 260 |
_aMadras _bSouth Asian Books _c1993 |
||
| 300 | _a115 p ., | ||
| 500 | _aA Collection of Poems | ||
| 942 | _cL | ||
| 999 |
_c4025 _d4025 |
||